| 000 | 01952nam a22003734i 4500 | ||
|---|---|---|---|
| 999 |
_c64563 _d64563 |
||
| 001 | 650259 | ||
| 003 | CO-MdFUSB | ||
| 005 | 20190202100355.0 | ||
| 008 | 050520s2005 ilu b 001 0 eng | ||
| 010 | _a 2005014843 | ||
| 020 | _a1581347510 (hc : alk. paper) | ||
| 020 | _a9781581347517 (hc : alk. paper) | ||
| 040 |
_aDLC _dBAKER _dPRP _dBTCTA _bspa _cCO-MdFUSB _erda |
||
| 041 | _aeng | ||
| 049 | _aPTSS | ||
| 082 | 0 | 0 |
_a231.6 _223 _bP665 |
| 100 | 1 |
_aPiper, John, _d1946- _eautor |
|
| 245 | 1 | 0 |
_aGod is the Gospel _b: meditations on God's love as the gift of himself _c/ John Piper |
| 264 | 1 |
_aWheaton, Illions USA : _bCrossway Books, _c℗[2005] |
|
| 264 | 4 | _c©2005 | |
| 300 |
_a190 páginas ; _c21 cm. |
||
| 336 |
_2rdacontent _atexto _btxt |
||
| 337 |
_2rdamedia _asin mediación _bn |
||
| 338 |
_2rdacarrier _avolumen _bnc |
||
| 505 | 0 | _aLo que el mundo más necesita: el don más grande del Evangelio, Dios - El Evangelio: proclamación y explicación -- El Evangelio: el alcance bíblico de su significado -- El Evangelio: "¡He aquí tu Dios!" -- El Evangelio: la gloria de Cristo, la imagen de Dios -- El Evangelio: confirmado por su gloria, el testimonio interno del Espíritu Santo -- El Evangelio: la gloria de Cristo en el evangelismo, las misiones y la santificación -- El Evangelio: la gloria de la alegría de Dios -- El Evangelio: la gloria de Cristo como el fundamento de Cristo, la contrición exaltante -- El Evangelio: el don de Dios mismo sobre y en todos sus dones salvadores y dolorosos -- El Evangelio: el regalo de Dios mismo y en todos sus agradables regalos -- El Evangelio: ¿Qué lo hace finalmente bueno, viendo la gloria o siendo glorioso? | |
| 563 | _aTapa dúra | ||
| 650 | 7 |
_aDios _2 _9178 |
|
| 650 | 7 |
_aAmor _9366 |
|
| 856 | 4 | 1 | _uhttp://www.loc.gov/catdir/toc/ecip0513/2005014843.html |
| 942 | _cBK | ||